Statistics for NBA Active Top 50: playoff free throws made

Click here to take the quiz!

General Stats

  • This quiz has been taken 6 times
  • The average score is 49 of 50

Answer Stats

TeamPlayerFTM% Correct
LALLeBron James1735
100%
DETDerrick Rose192
100%
GSWKlay Thompson232
100%
UTAMike Conley232
100%
BOSJeff Teague220
100%
BOSJayson Tatum211
100%
LACLou Williams207
100%
LACSerge Ibaka201
100%
CLEKevin Love199
100%
NOPJ.J. Redick197
100%
PHIJoel Embiid165
100%
MILGiannis Antetokounmpo234
100%
WASBradley Beal158
100%
BKNDeAndre Jordan154
100%
BKNJeff Green152
100%
BOSTristan Thompson150
100%
BOSMarcus Smart146
100%
DENNikola Jokic132
100%
PORCJ McCollum130
100%
MILKhris Middleton130
100%
DENJamal Murray126
100%
BKNKevin Durant1013
100%
LALAnthony Davis234
100%
OKCAl Horford235
100%
WASRussell Westbrook644
100%
LACPaul George431
100%
LACKawhi Leonard533
100%
PHXChris Paul431
100%
MIAJimmy Butler402
100%
DENPaul Millsap363
100%
GSWStephen Curry540
100%
LALMarc Gasol341
100%
SASDeMar DeRozan337
100%
PHIDwight Howard522
100%
PORDamian Lillard321
100%
TORKyle Lowry318
100%
GSWDraymond Green311
100%
SASLaMarcus Aldridge309
100%
BKNJames Harden888
100%
BKNKyrie Irving247
100%
ATLRajon Rondo245
100%
PORCarmelo Anthony465
100%
HOUEric Gordon128
83%
MIAUdonis Haslem169
83%
OKCTrevor Ariza153
83%
DETBlake Griffin243
83%
HOUJohn Wall203
83%
MIAAndre Iguodala265
83%
PHXJae Crowder124
83%
OKCGeorge Hill337
67%

Score Distribution

Percentile by Number Answered

Percent of People with Each Score

Your Score History

You have not taken this quiz